01001nam a2200217 i 450000100060000000300090000600500170001500700030003200800410003510000330007624501210010926000520023030000490028251000230033165000550035470000400040985201760044994200200062599900170064595201210066234230ES-MaACL20250401170947.0t|030204s1952 sp ||||1| spa d1 aBogue, Robert Herman.92981113aLa Química del cemento Portland / cpor Robert Herman Bogue ; versión española por Manuel Benítez Ramírez. aMadrid : bDossat, c1952 (fNuevas Gráficas) aXVI, 642 p. : b1 retr. aut., il. ; c25 cm. aCCPB,c000772085-8 79159152aCemento Portland-xProducciónzEspaña-1 aBenítez Ramírez, Manuel.927646 aES-MaACLjD-6420 bR.32747bR.M. 6015935491cSVIfSello en tinta azul de la Biblioteca del Ateneo de MadridxEncuadernación en tela azulzEn hoja de guarda: "Donativo" 2udccMONOGRAFIA c34230d34230 00104070aATENEOMbATENEOMcSVId2008-01-17eSCl0oD-6420p901035694r2023-02-23 00:00:00w2023-02-23yMONOGRAFIA